| 000 | 00853nam a2200253 a 4500 | ||
|---|---|---|---|
| 001 | 000022707 | ||
| 005 | 20250314135209.0 | ||
| 008 | 101116s1999 sp a 000 0 spa d | ||
| 020 | _a8437617359 | ||
| 040 |
_aDO-SdBNP _bspa _cBNPHU |
||
| 082 |
_a320.1 _bS112e |
||
| 100 | 1 |
_aSaavedra Fajardo, Diego, _d1584-1648 _936021 |
|
| 245 | 1 | 0 |
_aEmpresas políticas / _cDiego Saavedra Fajardo ; edición de Sagrario López Poza. |
| 260 |
_aMadrid : _bCátedra, _c1999. |
||
| 300 |
_a1077, [3] p. : _bil. ; _c18 cm. |
||
| 490 | 1 |
_aLetras hispánicas _v455 |
|
| 504 | _aIncluye bibliografía (p. 145-162) | ||
| 504 | _aIncluye referencias bibliográficas y notas al pie de las páginas. | ||
| 650 | 0 |
_aCiencia política _95772 |
|
| 700 | 1 |
_aLópez Poza, Sagrario, _eed. _946674 |
|
| 830 | 0 |
_aLetras hispánicas ; _v455 _94208 |
|
| 910 | _aWM | ||
| 049 | _aBNGR | ||
| 999 |
_c22204 _d22204 |
||